ห้องสมุด วิทยาลัยพยาบาลบรมราชชนนี อุดรธานี
Boromarajonani College of Nursing, Udonthani
เปลี่ยนเป็นภาษาไทย

Change to English
 แสดงรายละเอียดบรรณานุกรม
  กลับหน้าหลัก

Brief Record : Get Marc (ISO 2709) : E-mail record : QR code ปิดหน้าต่าง
หนังสืออ้างอิง : เกี่ยวกับ Collections
mysqli: Table './ulib2015/stat_globaluid' is marked as crashed and last (automatic?) repair failed
select id from stat_globaluid where statuid='20260417224002_1714' 
mysqli: Table './ulib2015/stat_globaluid' is marked as crashed and last (automatic?) repair failed
DELETE FROM stat_globaluid
			WHERE id NOT IN (
			  SELECT id
			  FROM (
				SELECT id
				FROM stat_globaluid
				ORDER BY id DESC
				LIMIT 100
			  ) foo
			); 
mysqli: Table './ulib2015/stat_globaluid' is marked as crashed and last (automatic?) repair failed
insert into stat_globaluid set
		statuid='20260417224002_1714',
		dt='1776440402',
		phpself='/ULIB/dublinfull.php',
		agent='Mozilla/5.0 AppleWebKit/537.36 (KHTML, like Gecko; compatible; ClaudeBot/1.0; +claudebot@anthropic.com)',
		yea='2026',
		mon='4',
		dat='17',
		ip='216.73.216.55'
		
		
LEADER 00000nas 2200000uu 4500
001    13399122263
003     ULIBM
008    020711s2561 th a 000 0 tha d
022    ^a1906-0025
100    ^aวรวรรณ์ ทิพย์วารีรมย์,บรรณาธิการ
245    ^aวารสารการพยาบาลและสุขภาพ/=Journal of Nursing and Health Sciences/^cวรวรรณ์ ทิพย์วารีรมย์,บรรณาธิการ
260    ^aพิษณุโลก :^b^aหจก.โรงพิมพ์ตระกูลไทย,^c2561
300    ^bตาราง
310    ^aรายสามเดือน
650    ^aวารสารการพยาบาล
650    ^aบทความวิจัย
650    ^aบทความวิชาการ
650    ^aโปรแกรม
650    ^aบทบาทพยาบาล
650    ^aวิจัยในผู้สูงอายุ
650    ^aวิจัยในโรคเบาหวาน
650    ^aโรคหลอดเลือดสมอง
650    ^aวิจัยในมะเร็งปอด
650    ^aเคมีบำบัด
710    ^aคณะพยาบาลศาสตร์ มหาวิทยาลัยนเรศวร
850 ^a ULIBM^bปีที่ 12 ฉบับที่ 2 c.1 เม.ย.-มิ.ย.2561 ;ปีที่ 12 ฉบับที่ 3 c.1 ก.ค.-ก.ย.2561 ;ปีที่ 12 ฉบับที่ 4 c.1 ต.ค.-ธ.ค.2561 ;ปีที่ 13 ฉบับที่ 1 c.1 ม.ค.-มี.ค.2562 ;ปีที่ 12 ฉบับที่ 1 c.1 ;ปีที่ 12 c.1 ฉบับพิเศษ ม.ค.-มี.ค.2561
999    ^aศรัญยู
รายการนี้ยังไม่มีแท็ก
คุณยังไม่ได้ล็อกอิน คุณสามารถมีกิจกรรมร่วมกับเว็บไซต์ได้ แต่ต้องล็อกอินก่อน ::
  ล็อกอิน
ดูแบบ: กล่อง รายการ
ลำดับที่ ประเภท เลขเรียก/บาร์โค้ด สถานที่ สถานะ
1.
วารสารฉบับปัจจุบัน
ปีที่ 13 ฉบับที่ 1 c.1
  Barcode: 82673
วารสารOn Shelf
  ขอยืม
2.
วารสาร
ปีที่ 12 ฉบับที่ 4 c.1
  Barcode: 82672
วารสารOn Shelf
  ขอยืม
3.
วารสาร
ปีที่ 12 ฉบับที่ 3 c.1
  Barcode: 82671
วารสารOn Shelf
  ขอยืม
4.
วารสาร
ปีที่ 12 ฉบับที่ 2 c.1
  Barcode: 82674
วารสารOn Shelf
  ขอยืม
5.
วารสาร
ปีที่ 12 ฉบับที่ 1 c.1
  Barcode: 82669
วารสารOn Shelf
  ขอยืม
6.
วารสาร
ปีที่ 12 c.1
  Barcode: 82668
วารสารOn Shelf
  ขอยืม
   [แสดง 6/6 รายการ]
mysqli: Can't create/write to file '/var/tmp/#sql_59d_0.MAI' (Errcode: 2)
select * from index_db where titl like '%วารสารการพยาบาลและสุขภาพ/=Journal of Nursing and Health Sciences/ วรวรรณ์ ทิพย์วารีรมย์,บรรณาธิการ%' and mid<>'13399122263'  order by rand() limit 3
mysqli: Can't create/write to file '/var/tmp/#sql_59d_0.MAI' (Errcode: 2)
select * from index_db where auth like '%วรวรรณ์ ทิพย์วารีรมย์,บรรณาธิการ%' and mid<>'13399122263'  order by rand() limit 3
mysqli: Can't create/write to file '/var/tmp/#sql_59d_0.MAI' (Errcode: 2)
select * from index_db where subj like '%วารสารการพยาบาล%' and mid<>'13399122263'  order by rand() limit 3
mysqli: Can't create/write to file '/var/tmp/#sql_59d_0.MAI' (Errcode: 2)
select * from index_db where subj like '%บทความวิจัย%' and mid<>'13399122263'  order by rand() limit 3
mysqli: Can't create/write to file '/var/tmp/#sql_59d_0.MAI' (Errcode: 2)
select * from index_db where subj like '%บทความวิชาการ%' and mid<>'13399122263'  order by rand() limit 3
mysqli: Can't create/write to file '/var/tmp/#sql_59d_0.MAI' (Errcode: 2)
select * from index_db where subj like '%โปรแกรม%' and mid<>'13399122263'  order by rand() limit 3
mysqli: Can't create/write to file '/var/tmp/#sql_59d_0.MAI' (Errcode: 2)
select * from index_db where subj like '%บทบาทพยาบาล%' and mid<>'13399122263'  order by rand() limit 3
mysqli: Can't create/write to file '/var/tmp/#sql_59d_0.MAI' (Errcode: 2)
select * from index_db where subj like '%วิจัยในผู้สูงอายุ%' and mid<>'13399122263'  order by rand() limit 3
mysqli: Can't create/write to file '/var/tmp/#sql_59d_0.MAI' (Errcode: 2)
select * from index_db where subj like '%วิจัยในโรคเบาหวาน%' and mid<>'13399122263'  order by rand() limit 3
mysqli: Can't create/write to file '/var/tmp/#sql_59d_0.MAI' (Errcode: 2)
select * from index_db where subj like '%โรคหลอดเลือดสมอง%' and mid<>'13399122263'  order by rand() limit 3
mysqli: Can't create/write to file '/var/tmp/#sql_59d_0.MAI' (Errcode: 2)
select * from index_db where subj like '%วิจัยในมะเร็งปอด%' and mid<>'13399122263'  order by rand() limit 3
mysqli: Can't create/write to file '/var/tmp/#sql_59d_0.MAI' (Errcode: 2)
select * from index_db where subj like '%เคมีบำบัด%' and mid<>'13399122263'  order by rand() limit 3

BibComment


ยังไม่เคยถูกคอมเมนท์

คอมเมนท์ทรัพยากรรายการนี้
  คอมเมนท์: วารสารการพยาบาลแ..
Bib 13399122263

 
 
 

 Union Library Management : ULibM
Copyright 2026. All Rights Reserved.